[Event "Aut_chT"]
[Site "Frohnleiten"]
[Date "2002.12.05"]
[Round "1.6"]
[White "Atlas, Valery"]
[Black "Schmittdiel, Eckhard"]
[Result "1/2-1/2"]
[WhiteElo "2501"]
[BlackElo "2497"]
[PlyCount "90"]
[EventDate "2002.12.05"]

1. e4 c5 2. Nf3 e6 3. d4 cxd4 4. Nxd4 Nf6 5. Nc3 Nc6 6. g3 d6 7. Bg2 Bd7 8. O-O
Be7 9. Be3 O-O 10. Nxc6 Bxc6 11. a4 Qa5 12. Qd2 Kh8 13. Rfb1 Ng4 14. Nb5 Qxd2
15. Bxd2 Nf6 16. Re1 Rfc8 17. c4 a6 18. Nd4 Be8 19. Rec1 Nd7 20. b3 Bf6 21. Be3
Nc5 22. Rab1 Rab8 23. Rd1 g6 24. h4 b6 25. Rd2 Kg7 26. Ne2 Rd8 27. Bf4 Be5 28.
Bg5 Rd7 29. f4 Bf6 30. Bxf6+ Kxf6 31. Rxd6 Rxd6 32. e5+ Ke7 33. exd6+ Kxd6 34.
Nd4 Rd8 35. Kf2 e5 36. Ne2 Kc7 37. Bd5 Bc6 38. Nc3 exf4 39. gxf4 Nd3+ 40. Ke3
Nb4 41. Kd4 Bd7 42. Rb2 Bf5 43. Re2 f6 44. Ne4 Re8 45. Ng3 Rxe2 1/2-1/2

[Event "Aut_chT"]
[Site "Frohnleiten"]
[Date "2002.12.05"]
[Round "1.6"]
[White "Duer, Arne"]
[Black "Gustafsson, Jan"]
[Result "0-1"]
[WhiteElo "2365"]
[BlackElo "2542"]
[PlyCount "144"]
[EventDate "2002.12.05"]

1. c4 e5 2. g3 Nf6 3. Bg2 c6 4. d4 exd4 5. Qxd4 d5 6. cxd5 cxd5 7. Nf3 Nc6 8.
Qa4 Bc5 9. O-O O-O 10. Bg5 Re8 11. Qb5 Be7 12. Nc3 a6 13. Qa4 Be6 14. Nd4 Qb6
15. Nxe6 fxe6 16. Qc2 Rac8 17. Rad1 Ne5 18. Qb3 Bc5 19. Qxb6 Bxb6 20. Rc1 Kf7
21. h3 Ba7 22. b3 Rc6 23. Nb1 h6 24. Bd2 Rec8 25. Rxc6 Nxc6 26. Rc1 e5 27. Kf1
Ke6 28. e3 e4 29. h4 Ng4 30. Bh3 h5 31. Nc3 Nce5 32. Ne2 Rxc1+ 33. Bxc1 Nd3 34.
Bxg4+ hxg4 35. Bd2 g6 36. Nc1 d4 37. Ne2 dxe3 38. Bxe3 Bb8 39. Nc3 Ke5 40. Ke2
Bd6 41. Kd2 Bb4 42. Kc2 Ne1+ 43. Kd2 Nf3+ 44. Kc2 Nd4+ 45. Bxd4+ Kxd4 46. Ne2+
Ke5 47. Kd1 Bc5 48. Ke1 e3 49. fxe3 Bxe3 50. Nc3 b5 51. Ke2 Bd4 52. Nb1 Kd5 53.
Nd2 Be5 54. Kf2 Kd4 55. Nf1 Kc3 56. Nh2 Kb2 57. Nxg4 Bd6 58. Nf6 Kxa2 59. Ne4
Bb4 60. g4 Kxb3 61. g5 Bf8 62. Kf3 b4 63. Kg4 Kc2 64. Nf6 b3 65. Nd7 Bg7 66.
Nb6 b2 67. Nc4 b1=Q 68. Na3+ Kc1 69. Nxb1 Kxb1 70. Kf4 a5 71. Ke4 a4 72. Kd5 a3
0-1

[Event "Aut_chT"]
[Site "Frohnleiten"]
[Date "2002.12.05"]
[Round "1.6"]
[White "Sinowjew, Jurij"]
[Black "Pilz, Dieter"]
[Result "0-1"]
[WhiteElo "2310"]
[BlackElo "2293"]
[PlyCount "74"]
[EventDate "2002.12.05"]

1. e4 e5 2. Nf3 Nc6 3. Bb5 Nge7 4. O-O d6 5. d4 Bd7 6. d5 Nb8 7. c4 Ng6 8. Nc3
Be7 9. Be3 O-O 10. b4 f5 11. Bxd7 Nxd7 12. exf5 Rxf5 13. Ne4 Ndf8 14. c5 Nf4
15. g3 N4g6 16. Rc1 h6 17. Kg2 Qd7 18. Qd3 Rh5 19. Ng1 a5 20. b5 dxc5 21. Bxc5
Rd8 22. Qe2 Rf5 23. Rfd1 Bxc5 24. Nxc5 Qf7 25. Nxb7 Rxd5 26. Nxa5 Ne6 27. Nh3
Nd4 28. Qc4 Rh5 29. Ng1 Kh7 30. Nc6 e4 31. Rd2 Nf3 32. Rxd5 Rxh2+ 33. Kf1 Rxf2+
34. Kxf2 Nfe5+ 35. Ke2 Nxc4 36. Nb4 Nce5 37. a4 Nd3 0-1

[Event "Aut_chT"]
[Site "Frohnleiten"]
[Date "2002.12.05"]
[Round "1.6"]
[White "Ferrari, Josef"]
[Black "Novkovic, Milan"]
[Result "1/2-1/2"]
[WhiteElo "2212"]
[BlackElo "2375"]
[PlyCount "43"]
[EventDate "2002.12.05"]

1. d4 Nf6 2. c4 e6 3. Nf3 b6 4. g3 Ba6 5. b3 Bb4+ 6. Bd2 Be7 7. Bg2 c6 8. O-O
d5 9. Ne5 Nfd7 10. Nxd7 Nxd7 11. Bc3 O-O 12. Nd2 Rc8 13. e4 dxc4 14. bxc4 b5
15. Re1 bxc4 16. Qa4 Bb5 17. Qc2 Ba3 18. Nxc4 Bxc4 19. Qa4 Nb6 20. Qxa3 Qd7 21.
Qc5 Bb5 22. Ba5 1/2-1/2

[Event "Aut_chT"]
[Site "Frohnleiten"]
[Date "2002.12.05"]
[Round "1.6"]
[White "Gaertner, Guntram"]
[Black "Gerhold, Michael"]
[Result "0-1"]
[WhiteElo "2354"]
[BlackElo "2183"]
[PlyCount "146"]
[EventDate "2002.12.05"]

1. d4 d5 2. c4 dxc4 3. e4 b5 4. a4 c6 5. axb5 cxb5 6. Nc3 Bd7 7. b3 b4 8. Na2
cxb3 9. Qxb3 Nc6 10. Nf3 e6 11. Bb5 Rb8 12. Bxc6 Bxc6 13. O-O Bd6 14. d5 exd5
15. e5 Bc5 16. Bf4 Rb5 17. Nc1 Ne7 18. Nd3 a5 19. Nxc5 Rxc5 20. Bg5 Rc3 21. Qb2
d4 22. Bxe7 Kxe7 23. Qd2 Bxf3 24. gxf3 h6 25. Rfd1 d3 26. Qe3 Re8 27. Qa7+ Kf8
28. Rxa5 Qg5+ 29. Kf1 Rc1 30. Ra1 d2 31. Qd4 b3 32. f4 Rxa1 33. fxg5 Rxd1+ 34.
Ke2 Rc1 35. Kxd2 Rc2+ 36. Kd3 hxg5 37. Qb4+ Kg8 38. Qxb3 Rxf2 39. Qd5 Rf5 40.
Qg2 Rfxe5 41. Kd4 f6 42. Qa2+ Kh7 43. Qc2+ Kh6 44. Qg2 Re4+ 45. Kd5 Rh4 46. Qc2
Re3 47. Qa2 Rhe4 48. Qa8 Kh7 49. Qa2 Re2 50. Qb1 Kh6 51. Qb8 Rh4 52. h3 Re3 53.
Qh8+ Kg6 54. Qb8 Rhxh3 55. Qb1+ Kh6 56. Qb8 Re5+ 57. Kd4 g4 58. Qh8+ Kg6 59.
Qc8 Rg5 60. Qe8+ Kh7 61. Qe4+ Kh6 62. Qe8 Rhh5 63. Qh8+ Kg6 64. Qe8+ Kh7 65.
Qe4+ Kh6 66. Qg2 g3 67. Ke3 Rh2 68. Qg1 Kg6 69. Qb1+ f5 70. Qb8 Rh6 71. Qd6+
Kh7 72. Qf4 Rhh5 73. Kf3 g2 0-1

[Event "Aut_chT"]
[Site "Frohnleiten"]
[Date "2002.12.06"]
[Round "2.1"]
[White "Tischbierek, Raj"]
[Black "Hickl, Joerg"]
[Result "1/2-1/2"]
[WhiteElo "2523"]
[BlackElo "2605"]
[PlyCount "139"]
[EventDate "2002.12.05"]

1. e4 g6 2. d4 Bg7 3. Nc3 d6 4. Be3 a6 5. Qd2 b5 6. f3 Nd7 7. O-O-O Bb7 8. h4
h6 9. Nh3 Ngf6 10. g4 Nb6 11. a3 e6 12. g5 hxg5 13. Bxg5 Qd7 14. Nf2 Nh7 15.
Be3 O-O-O 16. d5 Kb8 17. Bd4 Nf6 18. Kb1 Rh5 19. Ng4 e5 20. Bf2 Ng8 21. Rg1 Ne7
22. Ne3 Bh6 23. Qe1 Rh8 24. Na2 f5 25. Nb4 Rf8 26. c4 Bxe3 27. Qxe3 bxc4 28.
Rc1 a5 29. Na2 fxe4 30. fxe4 Rh7 31. Bh3 Qb5 32. Nc3 Qa6 33. Bf1 Rhf7 34. Nd1
Qb5 35. Be2 Rf4 36. Bg3 R4f6 37. Nc3 Qd7 38. Be1 Rf4 39. Rg2 Bc8 40. Bg3 R4f6
41. Rh2 Ba6 42. Bf2 Nec8 43. Rg2 Qf7 44. Nd1 Qh7 45. Ka1 Rf4 46. Bg3 R4f6 47.
b3 Nd7 48. Rb1 Ncb6 49. bxc4 Kc8 50. Bg4 Kd8 51. c5 Nxc5 52. Bxe5 Qxh4 53.
Bxf6+ Qxf6+ 54. e5 Qxe5+ 55. Qxe5 dxe5 56. Rc2 Ne4 57. Rc6 Rf6 58. Ne3 Bd3 59.
Rh1 Rxc6 60. dxc6 Ke7 61. Rd1 Nc5 62. Ka2 Bb5 63. Rc1 Kd6 64. Rh1 Bxc6 65. Rh6
Be8 66. Bh5 Bf7+ 67. Kb1 Ne4 68. Bxg6 Bxg6 69. Rxg6+ Kc5 70. Re6 1/2-1/2

[Event "Aut_chT"]
[Site "Frohnleiten"]
[Date "2002.12.06"]
[Round "2.1"]
[White "Atlas, Valery"]
[Black "Eichler, Christoph"]
[Result "1/2-1/2"]
[WhiteElo "2501"]
[BlackElo "2302"]
[PlyCount "44"]
[EventDate "2002.12.05"]

1. e4 g6 2. d4 Bg7 3. Nc3 c6 4. Be3 d5 5. Qd2 dxe4 6. Nxe4 Nd7 7. Nf3 Ngf6 8.
Ng3 O-O 9. O-O-O Nb6 10. Bh6 Qd5 11. Kb1 Bg4 12. Bxg7 Kxg7 13. Be2 Rad8 14. h3
Bxf3 15. Bxf3 Qb5 16. Qe3 Rd7 17. Qb3 Qa5 18. c3 e5 19. dxe5 Qxe5 20. Rxd7
Nfxd7 21. Qd1 Re8 22. Qe2 Qb8 1/2-1/2

[Event "Aut_chT"]
[Site "Frohnleiten"]
[Date "2002.12.06"]
[Round "2.1"]
[White "Beck, Hartmuth"]
[Black "Gustafsson, Jan"]
[Result "0-1"]
[WhiteElo "2257"]
[BlackElo "2554"]
[PlyCount "166"]
[EventDate "2002.12.05"]

1. d4 d5 2. c4 Nc6 3. cxd5 Qxd5 4. e3 e5 5. Nc3 Bb4 6. Bd2 Bxc3 7. bxc3 Nf6 8.
c4 Qd6 9. d5 Nb8 10. Qa4+ Bd7 11. Qb4 Na6 12. Qxd6 cxd6 13. Rb1 Ne4 14. f3 Nxd2
15. Kxd2 Nc5 16. Ne2 Ke7 17. Nc3 f5 18. Be2 b6 19. Bd1 Rhc8 20. Be2 Nb7 21.
Rhc1 Rc5 22. Rb2 Na5 23. Nb1 Bc8 24. Na3 Ba6 25. Rb4 Rac8 26. Ra4 g6 27. Rc2
Ra8 28. Rc3 Bc8 29. Rb4 Bd7 30. Rb2 Rac8 31. Rb4 Rf8 32. Rb1 g5 33. h4 g4 34.
f4 Rfc8 35. g3 Nb7 36. Rb4 Ra5 37. Bd1 Rcc5 38. Bc2 Ra6 39. Bb1 Kf6 40. Rb2
Raa5 41. Rb4 Rc8 42. Bc2 Be8 43. Rb2 Rac5 44. Rb4 Bf7 45. Nb1 R5c7 46. Bd3 Nc5
47. Bc2 Re7 48. Na3 Be8 49. Nb1 Rec7 50. Ra3 Bd7 51. Rc3 Na6 52. Rb2 exf4 53.
exf4 Rxc4 54. Rxc4 Rxc4 55. Bd3 Rd4 56. Ke3 Ra4 57. Bxa6 Rxa6 58. Nc3 Ra5 59.
Kd4 Rc5 60. a4 Rc8 61. Re2 Re8 62. Rxe8 Bxe8 63. Kc4 Ke7 64. Kb4 Kd8 65. Kc4
Kc7 66. Kb4 Kb7 67. Kb3 Ka6 68. Kb4 Bd7 69. Nd1 Kb7 70. Nc3 Kb8 71. Kb3 Bc8 72.
Kb4 Ba6 73. Kb3 Kb7 74. Kb4 Bf1 75. Kb3 Bd3 76. Kb4 a5+ 77. Kb3 Ka6 78. Ka3 b5
79. axb5+ Bxb5 80. Nd1 Bd7 81. Nb2 Kb5 82. Na4 Be8 83. Nc3+ Kc4 0-1

[Event "Aut_chT"]
[Site "Frohnleiten"]
[Date "2002.12.06"]
[Round "2.1"]
[White "Sinowjew, Jurij"]
[Black "Peterwagner, Heinz"]
[Result "1/2-1/2"]
[WhiteElo "2310"]
[BlackElo "2243"]
[PlyCount "29"]
[EventDate "2002.12.05"]

1. e4 c5 2. Nf3 Nc6 3. d4 cxd4 4. Nxd4 Nf6 5. Nc3 e5 6. Ndb5 d6 7. Bg5 a6 8.
Na3 b5 9. Nd5 Qa5+ 10. Bd2 Qd8 11. Nxf6+ Qxf6 12. Bd3 Qg6 13. O-O Be7 14. f4
exf4 15. e5 1/2-1/2

[Event "Aut_chT"]
[Site "Frohnleiten"]
[Date "2002.12.06"]
[Round "2.1"]
[White "Opl, Klaus"]
[Black "Novkovic, Milan"]
[Result "0-1"]
[WhiteElo "2279"]
[BlackElo "2375"]
[PlyCount "80"]
[EventDate "2002.12.05"]

1. e4 c5 2. Nf3 e6 3. d4 cxd4 4. Nxd4 a6 5. Bd3 Nf6 6. O-O d6 7. c4 Be7 8. Nc3
Qc7 9. Qe2 O-O 10. f4 Nfd7 11. Bd2 Bf6 12. Nf3 Nc6 13. Rae1 Nd4 14. Nxd4 Bxd4+
15. Kh1 b6 16. Rf3 Bb7 17. Rh3 g6 18. Nd1 Rae8 19. Bc3 Bxc3 20. Nxc3 Qd8 21.
Bb1 f5 22. Rd1 fxe4 23. Bxe4 Nc5 24. Bxb7 Nxb7 25. Re3 Qc8 26. Re1 Rxf4 27. Nd5
Rf7 28. Nxb6 Qc6 29. Nd5 Nd8 30. Rf3 Rxf3 31. gxf3 Kf7 32. Ne3 Rf8 33. Kg2 Kg7
34. Ng4 e5 35. Qe4 Qb6 36. b3 Ne6 37. Rd1 Rf4 38. Qe1 Nd4 39. Qh4 Qb7 40. Rd3
h5 0-1

[Event "Aut_chT"]
[Site "Frohnleiten"]
[Date "2002.12.06"]
[Round "2.1"]
[White "Gaertner, Guntram"]
[Black "Schmidt, Georg"]
[Result "1/2-1/2"]
[WhiteElo "2354"]
[BlackElo "2246"]
[PlyCount "81"]
[EventDate "2002.12.05"]

1. Nf3 g6 2. d4 Bg7 3. c3 Nf6 4. Bf4 d5 5. h3 O-O 6. e3 Bf5 7. Nbd2 Ne4 8. Nxe4
Bxe4 9. Bd3 Bxd3 10. Qxd3 Nd7 11. O-O Re8 12. e4 dxe4 13. Qxe4 c6 14. Rfe1 Qa5
15. Re2 Rad8 16. a4 Qa6 17. Qc2 c5 18. Rae1 cxd4 19. cxd4 Bf6 20. Be5 Bxe5 21.
dxe5 Nf8 22. Ng5 Ne6 23. Nxe6 Qxe6 24. Re4 Rc8 25. Qd2 Red8 26. Rd4 Rxd4 27.
Qxd4 b6 28. a5 bxa5 29. Qxa7 Rc2 30. Qxa5 Rxb2 31. Qd8+ Kg7 32. Qd4 Qb6 33.
Qxb6 Rxb6 34. f4 e6 35. Kf2 h6 36. g4 Rb4 37. Kf3 g5 38. Re4 Rb3+ 39. Re3 Rb4
40. Re4 Rb3+ 41. Re3 1/2-1/2

[Event "Aut_chT"]
[Site "Frohnleiten"]
[Date "2002.12.06"]
[Round "2.2"]
[White "Lutz, Christopher"]
[Black "Dizdar, Goran"]
[Result "1-0"]
[WhiteElo "2645"]
[BlackElo "2525"]
[PlyCount "145"]
[EventDate "2002.12.05"]

1. e4 e6 2. d4 d5 3. Nc3 Nf6 4. Bg5 dxe4 5. Nxe4 Be7 6. Bxf6 Bxf6 7. Nf3 Nd7 8.
Bc4 a6 9. Qe2 O-O 10. O-O-O b5 11. Bb3 Bb7 12. d5 exd5 13. Bxd5 c6 14. Bb3 Qc7
15. Rhe1 Be7 16. Neg5 Bxg5+ 17. Nxg5 Nf6 18. Qe7 Qf4+ 19. Qe3 Qxe3+ 20. Rxe3
Nd5 21. Bxd5 cxd5 22. Re7 Bc6 23. Nf3 Rfe8 24. Rde1 Rxe7 25. Rxe7 d4 26. Ne1
Kf8 27. Rc7 Re8 28. Kd2 Re6 29. f3 g5 30. Ra7 Bd5 31. b3 Rd6 32. h3 h5 33. Nd3
g4 34. hxg4 hxg4 35. fxg4 Bxg2 36. Ne5 f6 37. Nd7+ Kg7 38. Nc5+ Kg6 39. Rxa6
Rxa6 40. Nxa6 Kg5 41. Nc7 Bc6 42. Ne6+ Kxg4 43. Nxd4 Bd7 44. Ke3 f5 45. Ne2 b4
46. Nf4 Bc6 47. Nd3 Kg3 48. Nxb4 f4+ 49. Ke2 Be4 50. Kf1 Kf3 51. a4 Ke3 52. a5
Kd4 53. Nd3 Kc3 54. Ne1 Bb7 55. Kf2 Kb4 56. Nd3+ Kxa5 57. c3 Bd5 58. b4+ Kb5
59. Nxf4 Bf7 60. Ke3 Kc4 61. Kd2 Be8 62. Kc2 Bc6 63. Kb2 Bf3 64. Ne6 Bg4 65.
Nd4 Bh5 66. Nf5 Kb5 67. Kb3 Bf7+ 68. Ka3 Bg6 69. Ne3 Bd3 70. c4+ Kb6 71. Kb3
Be2 72. Kc3 Kc6 73. Nc2 1-0

[Event "Aut_chT"]
[Site "Frohnleiten"]
[Date "2002.12.06"]
[Round "2.2"]
[White "Schmittdiel, Eckhard"]
[Black "Rotstein, Arkadij"]
[Result "0-1"]
[WhiteElo "2491"]
[BlackElo "2544"]
[PlyCount "63"]
[EventDate "2002.12.05"]

1. e4 c5 2. c3 Nf6 3. e5 Nd5 4. d4 cxd4 5. Qxd4 e6 6. Nf3 Nc6 7. Qe4 Qc7 8. Bb5
a6 9. Bxc6 Qxc6 10. Nd4 Qc7 11. O-O d6 12. f4 Be7 13. Nd2 O-O 14. N2f3 b5 15.
Bd2 Bb7 16. Qe1 Rac8 17. Kh1 Rfd8 18. Qg3 b4 19. cxb4 dxe5 20. fxe5 Nxb4 21.
Bg5 Bxg5 22. Qxg5 h6 23. Qh5 Nd3 24. Rad1 Bxf3 25. Qxf3 Nxb2 26. Rd2 Nc4 27.
Rdd1 Nxe5 28. Qe2 Rd5 29. Qxa6 Ng4 30. g3 Qd7 31. Rd3 Rd8 32. h3 0-1

[Event "Aut_chT"]
[Site "Frohnleiten"]
[Date "2002.12.06"]
[Round "2.2"]
[White "Beim, Valeri"]
[Black "Duer, Arne"]
[Result "1-0"]
[WhiteElo "2555"]
[BlackElo "2365"]
[PlyCount "149"]
[EventDate "2002.12.05"]

1. c4 c5 2. Nf3 Nc6 3. Nc3 g6 4. e3 Nf6 5. d4 cxd4 6. exd4 d5 7. cxd5 Nxd5 8.
Qb3 Nxc3 9. Bc4 Nd5 10. Bxd5 e6 11. Bxc6+ bxc6 12. O-O Qd5 13. Bf4 Bg7 14. Qa3
Bf8 15. Qe3 Be7 16. Rac1 Bb7 17. Rfe1 O-O 18. Be5 f6 19. Bg3 Kf7 20. Re2 Rfe8
21. Ne1 Rad8 22. Nf3 Bf8 23. b3 Rc8 24. Rd2 Qh5 25. h4 Qd5 26. Rc5 Qd7 27. h5
Kg8 28. hxg6 hxg6 29. Rcc2 Qf7 30. Nh2 Rcd8 31. Ng4 Rd5 32. Bh4 g5 33. Bg3 Kg7
34. Qc3 a5 35. Qc4 Bb4 36. Rd1 Qh5 37. f3 Qf7 38. Ne3 Rd7 39. Be1 Bd6 40. Bxa5
Rh8 41. Nf1 c5 42. Qb5 cxd4 43. Rxd4 Bd5 44. Ne3 Bg3 45. Rd1 Rb7 46. Nf5+ Kg6
47. Qd3 exf5 48. Qxd5 Qh7 49. Kf1 Qh1+ 50. Ke2 Re7+ 51. Kd2 Bf4+ 52. Kc3 Re1
53. Rxe1 Qxe1+ 54. Kb2 Qg1 55. Bc3 Rc8 56. Qe6 Rf8 57. g4 fxg4 58. fxg4 Rf7 59.
b4 Kg7 60. b5 Qa7 61. b6 Qa6 62. Re2 Qb5+ 63. Kc2 Qa4+ 64. Qb3 Qd7 65. a4 Qxg4
66. Qe6 Qg1 67. Kb3 Qd1+ 68. Kb4 Qd3 69. Qc4 Qb1+ 70. Rb2 Bd6+ 71. Kb5 Qf5+ 72.
Ka6 Qf3 73. Rd2 Rc7 74. bxc7 Qa8+ 75. Kb6 1-0

[Event "Aut_chT"]
[Site "Frohnleiten"]
[Date "2002.12.06"]
[Round "2.2"]
[White "Pilz, Dieter"]
[Black "Lau, Ralf"]
[Result "1/2-1/2"]
[WhiteElo "2294"]
[BlackElo "2491"]
[PlyCount "38"]
[EventDate "2002.12.05"]

1. e4 d6 2. d4 Nf6 3. Nc3 g6 4. h3 Bg7 5. Nf3 O-O 6. Bc4 Nxe4 7. Nxe4 d5 8. Bd3
dxe4 9. Bxe4 Nd7 10. c3 c5 11. O-O cxd4 12. Nxd4 a6 13. Qc2 Qc7 14. Re1 e5 15.
Nf3 Rb8 16. Bd5 b5 17. Be3 Nf6 18. Bb3 Bb7 19. Rad1 Rbc8 1/2-1/2

[Event "Aut_chT"]
[Site "Frohnleiten"]
[Date "2002.12.06"]
[Round "2.2"]
[White "Mahdy, Khaled"]
[Black "Laube, Bernhard"]
[Result "1-0"]
[WhiteElo "2374"]
[BlackElo "2267"]
[PlyCount "63"]
[EventDate "2002.12.05"]

1. e4 c5 2. Nf3 Nc6 3. Bb5 e6 4. Bxc6 bxc6 5. d3 f6 6. O-O d6 7. Nh4 g5 8. Qh5+
Kd7 9. Ng6 Qe8 10. Nxf8+ Qxf8 11. f4 gxf4 12. Bxf4 e5 13. Bg3 Qg7 14. Nd2 Ke7
15. Nc4 Qg4 16. Qxg4 Bxg4 17. a3 Be6 18. Na5 Rc8 19. Bh4 h5 20. b4 cxb4 21.
axb4 Rc7 22. c4 a6 23. c5 d5 24. d4 dxe4 25. dxe5 Ke8 26. exf6 Bd5 27. Rad1 Nh6
28. Rd4 Rg8 29. Bg3 Rd7 30. Nc4 Nf7 31. Ne3 Rg5 32. Ra1 1-0

[Event "Aut_chT"]
[Site "Frohnleiten"]
[Date "2002.12.06"]
[Round "2.2"]
[White "Gerhold, Michael"]
[Black "Kleiser, Gregor"]
[Result "0-1"]
[WhiteElo "2205"]
[BlackElo "2201"]
[PlyCount "110"]
[EventDate "2002.12.05"]

1. d4 Nf6 2. c4 g6 3. Nc3 d5 4. Nf3 Bg7 5. Bf4 O-O 6. Rc1 c5 7. dxc5 dxc4 8.
Qxd8 Rxd8 9. e4 Nbd7 10. Rd1 Rf8 11. e5 Nh5 12. e6 Nxc5 13. exf7+ Rxf7 14. Rd8+
Bf8 15. Be5 Nd3+ 16. Bxd3 cxd3 17. Nd5 Be6 18. Rxa8 Bxd5 19. Kd2 Rf5 20. Bd4
Nf4 21. Nh4 Rh5 22. Nf3 Nxg2 23. Ne5 Nf4 24. Rc1 Ne6 25. Rcc8 Nxd4 26. Rxf8+
Kg7 27. Kxd3 Nb5 28. Ng4 Bxa2 29. Rfd8 Be6 30. Ne3 Rxh2 31. Rab8 Nd6 32. Ke2
Rh4 33. Kd3 Rb4 34. Kc3 Rf4 35. Nd1 Rc4+ 36. Kd3 Bf5+ 37. Ke3 Re4+ 38. Kd3 h5
39. Ne3 Re5+ 40. Kd4 Re4+ 41. Kd3 Rf4+ 42. Ke2 Be6 43. Nc2 h4 44. Ke3 Re4+ 45.
Kd3 Re5 46. Nd4 Bc4+ 47. Kc3 Bd5 48. Rh8 Re4 49. b3 Rf4 50. Kd3 Nf7 51. Rhg8+
Kf6 52. f3 h3 53. Rbc8 h2 54. Rc1 Rh4 55. Rh1 Ne5+ 0-1

[Event "Aut_chT"]
[Site "Frohnleiten"]
[Date "2002.12.06"]
[Round "2.3"]
[White "Mueller, Karsten"]
[Black "Varga, Peter"]
[Result "1-0"]
[WhiteElo "2518"]
[BlackElo "2486"]
[PlyCount "87"]
[EventDate "2002.12.05"]

1. c4 Nf6 2. Nc3 e5 3. Nf3 Nc6 4. e3 d5 5. cxd5 Nxd5 6. Bb5 Nxc3 7. bxc3 Bd6 8.
e4 O-O 9. O-O Ne7 10. d4 Ng6 11. Bg5 Be7 12. Be3 c6 13. Bc4 Qa5 14. Qc2 Bf6 15.
Rac1 b6 16. dxe5 Bxe5 17. Nd4 Qc5 18. Bb3 Bf4 19. Rfe1 Bxe3 20. Rxe3 Bb7 21.
Rce1 Rae8 22. Qe2 Qe5 23. Nf5 Bc8 24. g3 Be6 25. Bc2 Qc5 26. e5 Bc4 27. Qg4 Kh8
28. h4 Be6 29. h5 Rg8 30. Qg5 Ne7 31. Nd6 Nd5 32. Nxe8 Rxe8 33. h6 Rg8 34.
hxg7+ Rxg7 35. Qd8+ Rg8 36. Qh4 Rg7 37. Rd3 b5 38. Bb3 Rg4 39. Qd8+ Kg7 40. Qd6
Qb6 41. Bxd5 Bxd5 42. Qf6+ Kg8 43. e6 fxe6 44. Rxe6 1-0

[Event "Aut_chT"]
[Site "Frohnleiten"]
[Date "2002.12.06"]
[Round "2.3"]
[White "Vogt, Lothar"]
[Black "Polzin, Rainer"]
[Result "1/2-1/2"]
[WhiteElo "2484"]
[BlackElo "2462"]
[PlyCount "102"]
[EventDate "2002.12.05"]

1. Nf3 Nf6 2. c4 g6 3. g3 Bg7 4. Bg2 O-O 5. d4 d6 6. O-O Nbd7 7. Nc3 e5 8. h3
a6 9. e3 Re8 10. b3 exd4 11. exd4 b5 12. Be3 Rb8 13. Rc1 Bb7 14. d5 b4 15. Na4
Ne4 16. Ba7 Ra8 17. Bd4 Ndc5 18. Bxg7 Kxg7 19. Nd2 Nxd2 20. Nxc5 Nxf1 21. Nxb7
Qb8 22. Na5 Qb6 23. Nc6 Nxg3 24. c5 Ne2+ 25. Qxe2 Rxe2 26. cxb6 cxb6 27. Nxb4
a5 28. Na6 Rae8 29. Nc7 R8e5 30. a4 Rf5 31. Rf1 Rf6 32. f4 Kh6 33. Rf3 g5 34.
fxg5+ Kxg5 35. Rg3+ Kh6 36. Na8 Rg6 37. Rxg6+ hxg6 38. Bf1 Rd2 39. Nxb6 f5 40.
Nc4 Rxd5 41. Bg2 Rc5 42. Nxd6 Rc3 43. Nc4 Rxb3 44. Nxa5 Ra3 45. Nc6 Rxa4 46.
Kf2 Kg5 47. Ne5 Ra5 48. h4+ Kh6 49. Nf3 Kh5 50. Kg3 Ra4 51. Ne5 Rxh4 1/2-1/2

[Event "Aut_chT"]
[Site "Frohnleiten"]
[Date "2002.12.06"]
[Round "2.3"]
[White "Schwarz, Michael"]
[Black "Lehner, Oliver"]
[Result "1/2-1/2"]
[WhiteElo "2410"]
[BlackElo "2413"]
[PlyCount "115"]
[EventDate "2002.12.05"]

1. d4 Nf6 2. Nf3 e6 3. g3 b6 4. Bg2 Bb7 5. O-O Be7 6. c4 O-O 7. Nc3 Ne4 8. Nxe4
Bxe4 9. Ne1 Bxg2 10. Kxg2 d5 11. Qa4 c6 12. Bf4 dxc4 13. Qxc4 Qd5+ 14. Qxd5
cxd5 15. Bxb8 Raxb8 16. Rc1 Rfc8 17. Nd3 Bd6 18. Rxc8+ Rxc8 19. Rc1 Rxc1 20.
Nxc1 Kf8 21. Nd3 Ke7 22. f3 f5 23. f4 Kd7 24. b4 Ke7 25. Kf3 Kd7 26. Ke3 Kc6
27. a4 Kd7 28. b5 Ke7 29. Kd2 Kd7 30. Kc3 Kc7 31. Ne1 Kd7 32. Nd3 Kc7 33. Kb3
Kc8 34. a5 Kb7 35. a6+ Kc7 36. Kc3 Kd7 37. Kc2 Kc7 38. Kd2 Kd7 39. Ke3 Ke7 40.
Kf3 Kf7 41. h3 Ke8 42. g4 g6 43. g5 Ke7 44. h4 Ke8 45. Kg3 Kd7 46. h5 Kd8 47.
e3 Kd7 48. hxg6 hxg6 49. Kf3 Kd8 50. Ke2 Kd7 51. Kd2 Kc7 52. Kc3 Kc8 53. Kb3
Kc7 54. Ka4 Kc8 55. Ne1 Kd7 56. Nf3 Ke7 57. Nd2 Kd7 58. Nf3 1/2-1/2

[Event "Aut_chT"]
[Site "Frohnleiten"]
[Date "2002.12.06"]
[Round "2.3"]
[White "Ganaus, Hannes"]
[Black "Schlosser, Michael"]
[Result "0-1"]
[WhiteElo "2357"]
[BlackElo "2344"]
[PlyCount "82"]
[EventDate "2002.12.05"]

1. d4 Nf6 2. c4 g6 3. Nc3 Bg7 4. e4 d6 5. Nf3 O-O 6. Be2 e5 7. O-O Na6 8. Be3
h6 9. dxe5 Ng4 10. Bd2 Nxe5 11. Nxe5 dxe5 12. Qc1 Kh7 13. Be3 c6 14. Rd1 Qe7
15. Rb1 Nc5 16. b4 Ne6 17. Bf1 f5 18. exf5 gxf5 19. f3 Qf6 20. Ne2 a5 21. a3
axb4 22. axb4 f4 23. Bf2 Ng5 24. Bc5 Rg8 25. Kh1 Bf5 26. Ra1 Rxa1 27. Qxa1 Qf7
28. Qc1 Be6 29. Qc2+ Kh8 30. Bf2 Bf6 31. Nc1 Qh5 32. Qc3 Ne4 33. Qc2 Nxf2+ 34.
Qxf2 e4 35. Rd6 e3 36. Qc2 Qe5 37. c5 Be7 38. Rxe6 Qxe6 39. Bc4 Qg6 40. Nd3 Ra8
41. Qd1 Qf6 0-1

[Event "Aut_chT"]
[Site "Frohnleiten"]
[Date "2002.12.06"]
[Round "2.3"]
[White "Kotz, Heinz Peter"]
[Black "Bokros, Albert"]
[Result "0-1"]
[WhiteElo "2325"]
[BlackElo "2420"]
[PlyCount "76"]
[EventDate "2002.12.05"]

1. e4 c5 2. c3 Nf6 3. e5 Nd5 4. d4 cxd4 5. Nf3 e6 6. cxd4 d6 7. Bc4 Nc6 8. O-O
Be7 9. Qe2 O-O 10. Nc3 Nxc3 11. bxc3 dxe5 12. dxe5 b6 13. Qe4 Bb7 14. Bd3 g6
15. Bh6 Re8 16. Rfd1 Qc7 17. Qf4 Rad8 18. Be4 Rxd1+ 19. Rxd1 Rd8 20. Re1 f5 21.
Bxf5 gxf5 22. Qg3+ Kf7 23. Qg7+ Ke8 24. Ng5 Kd7 25. g4 Kc8 26. Nxe6 Qd7 27.
gxf5 Qd5 28. Nxd8 Nxd8 29. Kf1 Qd3+ 30. Kg1 Qf3 31. Kf1 Qh1+ 32. Ke2 Ba6+ 33.
Kd2 Qd5+ 34. Ke3 Bc5+ 35. Kf4 Qd2+ 36. Re3 Qxf2+ 37. Ke4 Bb7+ 38. Kd3 Qxf5+ 0-1

[Event "Aut_chT"]
[Site "Frohnleiten"]
[Date "2002.12.06"]
[Round "2.3"]
[White "Weissenbeck, Manuel"]
[Black "Perhinig, Robert"]
[Result "1-0"]
[WhiteElo "2225"]
[BlackElo "2229"]
[PlyCount "97"]
[EventDate "2002.12.05"]

1. d4 d5 2. c4 c6 3. Nf3 Nf6 4. Nc3 g6 5. e3 Bg7 6. Qb3 O-O 7. Be2 a6 8. a4
Nbd7 9. cxd5 cxd5 10. Nxd5 Nxd5 11. Qxd5 Qb6 12. O-O Nf6 13. Qa2 Bf5 14. a5 Qd6
15. Bd2 Be4 16. Qa3 Qe6 17. Bb4 Rfe8 18. Rac1 Qd7 19. Ne5 Qd8 20. Nc4 Nd7 21.
Rfd1 Bd5 22. Bd3 Rc8 23. Nd2 e6 24. Ne4 Bxe4 25. Bxe4 Rb8 26. Rc2 Nf6 27. Bf3
Nd5 28. Bd6 Rc8 29. Rxc8 Qxc8 30. Qc5 Qd7 31. Rc1 Rd8 32. Bg3 Bf8 33. Qc4 Ne7
34. Qb3 Nd5 35. h3 Qb5 36. Qxb5 axb5 37. e4 Nf4 38. d5 exd5 39. exd5 Nd3 40.
Rc7 f5 41. Rxb7 g5 42. Bc7 Re8 43. Bb6 Bd6 44. Be3 f4 45. Bd4 Re1+ 46. Kh2 Be5
47. Bxe5 Nxf2 48. g3 Rxe5 49. a6 1-0

[Event "Aut_chT"]
[Site "Frohnleiten"]
[Date "2002.12.06"]
[Round "2.4"]
[White "Loeffler, Stefan"]
[Black "Baumegger, Siegfried"]
[Result "1/2-1/2"]
[WhiteElo "2398"]
[BlackElo "2359"]
[PlyCount "41"]
[EventDate "2002.12.05"]

1. Nf3 Nc6 2. d4 d5 3. g3 Bf5 4. Bg2 e6 5. O-O Nb4 6. Na3 Nf6 7. Bf4 Bd6 8. Ne5
c6 9. c3 Na6 10. Qa4 Nc7 11. f3 O-O 12. Bg5 Be7 13. e4 dxe4 14. fxe4 Bg6 15.
Rad1 Bh5 16. Rd2 Nd7 17. Bxe7 Qxe7 18. Nd3 e5 19. Nc2 Bg6 20. Qc4 exd4 21. Nxd4
1/2-1/2

[Event "Aut_chT"]
[Site "Frohnleiten"]
[Date "2002.12.06"]
[Round "2.4"]
[White "Wach, Markus"]
[Black "Penz, Harald"]
[Result "1/2-1/2"]
[WhiteElo "2388"]
[BlackElo "2324"]
[PlyCount "29"]
[EventDate "2002.12.05"]

1. d4 d5 2. c4 c5 3. cxd5 Nf6 4. e4 Nxe4 5. dxc5 Nxc5 6. Nf3 e6 7. Nc3 exd5 8.
Qxd5 Qxd5 9. Nxd5 Ne6 10. Ng5 Nxg5 11. Bxg5 Bd6 12. Bb5+ Nc6 13. O-O-O O-O 14.
Bxc6 bxc6 15. Ne7+ 1/2-1/2

[Event "Aut_chT"]
[Site "Frohnleiten"]
[Date "2002.12.06"]
[Round "2.4"]
[White "Roth, Peter"]
[Black "Kuba, Guenter"]
[Result "1/2-1/2"]
[WhiteElo "2323"]
[BlackElo "2307"]
[PlyCount "60"]
[EventDate "2002.12.05"]

1. e4 e5 2. f4 d5 3. exd5 c6 4. d4 exd4 5. Qxd4 cxd5 6. Nc3 Nf6 7. Nf3 Nc6 8.
Bb5 Bd7 9. Bxc6 bxc6 10. O-O Be7 11. Ne5 O-O 12. Qd3 Rb8 13. b3 Bc5+ 14. Kh1
Ng4 15. Qg3 f5 16. Na4 Bd6 17. Bb2 Qc7 18. Rae1 Rbe8 19. Qc3 Nf6 20. Nc5 Bc8
21. b4 Ne4 22. Qd4 Rf6 23. Rf3 Bxc5 24. bxc5 Qa5 25. Rfe3 Re7 26. c4 dxc4 27.
Nxc4 Ng3+ 28. Kg1 Qxe1+ 29. Rxe1 Rxe1+ 30. Kf2 Rf1+ 1/2-1/2